00505nam a22001457a 450000500170000002000180001708200170003510000230005224500600007526000510013530000110018694200120019799900190020995201310022820260423145911.0 a9781647403485 a577.82 JAS.I aEady, Jason913719 aInteractions and interdependence in plant communities / aNewyork :bSyrawood publishing house ,cc2023. a242 p. 2ddccBK c758935d758935 00102ddc4070aBOTbBOTcGENd2026-04-23eSouthern book starl0o577.82 JAS.IpBOT10963r2026-04-23 15:01:48w2026-04-23yBK